|
|
|
|
| LEADER |
00000nab#a22000007a#4500 |
| 001 |
arbauad027438 |
| 003 |
AR-BaUAD |
| 005 |
20250711112240.0 |
| 008 |
970620|||||||||###||||||b###|0###a|spa|| |
| 040 |
|
|
|a AR-BaUAD
|c AR-BaUAD
|b spa
|
| 100 |
|
|
|a Hays, Todd
|
| 245 |
|
|
|a Leader of the pack /
|c Todd Hays;
|
| 300 |
0 |
|
|b fot.
|
| 500 |
|
|
|a Articulo sobre el diseño de figuritas o tarjetas de colección, realizado por Mike Armijo.
|
| 653 |
|
|
|a DISEÑO GRAFICO
|
| 653 |
|
|
|a TARJETAS
|
| 653 |
|
|
|a ARMIJO, MIKE
|
| 653 |
|
|
|a ESTUDIOS PROFESIONALES
|
| 653 |
|
|
|a DISEÑADORES GRAFICOS
|
| 653 |
|
|
|a DEPORTES
|
| 653 |
|
|
|a CINE
|
| 653 |
|
|
|a TELEVISION
|
| 653 |
|
|
|a COLECCIONES
|
| 653 |
|
|
|a POWER RANGERS
|
| 653 |
|
|
|a SPACE JAM
|
| 653 |
|
|
|a BEISBOL
|
| 653 |
|
|
|a FUTBOL AMERICANO
|
| 773 |
0 |
|
|t STEP BY STEP
|g vol.13, no. 3 [mayo-jun. 1997], p. 96-103
|
| 942 |
|
|
|c ARTI
|
| 952 |
|
|
|0 0
|1 0
|4 0
|7 0
|9 72357
|a AR-BAuAD
|b AR-BAuAD
|d 2025-07-11
|l 0
|p AAQA027438
|r 2025-07-11 11:22:40
|w 2025-07-11
|y ARTI
|
| 990 |
|
|
|a DG199
|b TD
|
| 998 |
|
|
|a AAQ
|b BIBUN76
|
| 999 |
|
|
|c 52030
|d 52030
|